000 01080nam a2200277 i 4500
001 xx005890462
003 NUKAT
005 20251218122140.0
008 251218s1999 pl 2 |000 0dpol c
035 _a(NUKAT)xx005890462
040 _aOLSZT 008/bak
_bpol
_erda
_cOLSZT 008/bak
041 0 _apol
_bger
100 1 _aWijaczka, Jacek
_d(1960- ).
_eAutor
_911694
245 1 0 _aJerzy Woyna-Okołów :
_bżycie i działalność polityczna i ekonomiczna w końcu XVIII i na początku XIX wieku /
_cJacek Wijaczka.
260 _aToruń :
_bTowarzystwo Naukowe,
_c1999.
300 _aStrony [87]-100 ;
_c24 cm.
336 _aTekst
_btxt
_2rdacontent
337 _aBez urządzenia pośredniczącego
_bn
_2rdamedia
338 _aWolumin
_bnc
_2rdacarrier
500 _aNadbitka z: Zapiski Historyczne, 1999 tom LXIV, zeszyt 3-4.
500 _aAdres wydawniczy zgodny ze źródłem nadbitki.
546 _aStreszczenie w języku niemieckim.
600 1 7 _aOkołów, Jerzy
_d(1760?-1828).
_2kaba
_927874
710 2 _aTowarzystwo Naukowe (Toruń).
_eWydawca
_4pbl
_9891
942 _2ddc
_cBK_NM
999 _c26184
_d26184